| 000 | 00000nam##2200000za#4500 |
| 001 | 9.579183 |
| 003 | CaOODSP |
| 005 | 20210624190437 |
| 007 | cr ||||||||||| |
| 008 | 150406|2006||||xxc|||||o f|0| 0 eng|d |
| 040 | |aCaOODSP|beng |
| 043 | |an-cn--- |
| 086 | 1 |aRv55-5/10-14-40-2006E-PDF |
| 110 | 2 |aCanada Border Services Agency. |
| 245 | 10|aUnserviceable vehicle parts for remanufacturing |h[electronic resource] |
| 260 | |aOttawa - Ontario : |bCanada Border Services Agency |
| 300 | |a3p. |
| 490 | 1 |aCustoms D memoranda. D10, Tariff classification/commodities |vD10-14-40, November 15, 2006 |
| 590 | |a14-06-Supp|b2014-03-21 |
| 775 | 08|tParties inutilisables de véhicules devant être reconstruites |w(CaOODSP)9.606757 |
| 776 | 0#|tUnserviceable vehicle parts for remanufacturing |w(CaOODSP)9.543848 |
| 776 | 0#|tParties inutilisables de véhicules devant être reconstruites |w(CaOODSP)9.543849 |
| 830 | #0|aCustoms D memoranda. D10, Tariff classification/commodities ;|vD10-14-40, November 15, 2006|w(CaOODSP)9.816825 |
| 856 | 40|ahttp://publications.gc.ca|qPDF|s176 KB|uhttps://publications.gc.ca/collections/collection_2014/asfc-cbsa/Rv55-5-10-14-40-2006-eng.pdf|yD10-14-40, November 15, 2006 |